The Oxford essential thesaurus. (Record no. 7908)

MARC details
000 -LEADER
fixed length control field 00923cam a2200277 a 4500
001 - CONTROL NUMBER
control field 13343900
003 - CONTROL NUMBER IDENTIFIER
control field GBCCL
005 - DATE AND TIME OF LATEST TRANSACTION
control field 20241126110639.0
008 - FIXED-LENGTH DATA ELEMENTS--GENERAL INFORMATION
fixed length control field 030915s2003 nyu 000 0 eng d
010 ## -
-- 2003273498
020 ## - INTERNATIONAL STANDARD BOOK NUMBER
International Standard Book Number 0195167465 (pbk.)
035 ## - SYSTEM CONTROL NUMBER
System control number (OCoLC)ocm52860852
040 ## - CATALOGING SOURCE
Original cataloging agency IYU
Transcribing agency IYU
Modifying agency DLC
042 ## -
-- lccopycat
050 00 -
-- PE1591
-- .O923 2003
082 00 - DEWEY DECIMAL CLASSIFICATION NUMBER
Classification number 423
Edition information 22
Item number OXF
245 04 - TITLE STATEMENT
Title The Oxford essential thesaurus.
250 ## - EDITION STATEMENT
Edition statement American ed.
260 ## - PUBLICATION, DISTRIBUTION, ETC.
Place of publication, distribution, etc. New York :
Name of publisher, distributor, etc. Oxford University Press,
Date of publication, distribution, etc. c2003.
300 ## - PHYSICAL DESCRIPTION
Extent ix, 516 p. ;
Dimensions 18 cm.
650 #0 - SUBJECT ADDED ENTRY--TOPICAL TERM
Topical term or geographic name entry element English language
General subdivision Synonyms and antonyms.
9 (RLIN) 12364
856 42 - ELECTRONIC LOCATION AND ACCESS
Materials specified Publisher description
Uniform Resource Identifier <a href="http://www.loc.gov/catdir/enhancements/fy0635/2003273498-d.html">http://www.loc.gov/catdir/enhancements/fy0635/2003273498-d.html</a>
906 ## - LOCAL DATA ELEMENT F, LDF (RLIN)
a 7
b cbc
c copycat
d 2
e ncip
f 20
g y-gencatlg
942 ## - ADDED ENTRY ELEMENTS (KOHA)
Source of classification or shelving scheme Dewey Decimal Classification
Koha item type Reference Books
Holdings
Withdrawn status Lost status Source of classification or shelving scheme Damaged status Not for loan Home library Current Library Shelving location Date acquired Total checkouts Full call number Barcode Date last seen Copy number Price effective from Koha item type
    Dewey Decimal Classification     GRACE BIBLE COLLEGE GRACE BIBLE COLLEGE Dictionary 2018-11-12   423 OXF 004252 2025-05-01 c.1 2018-11-12 Reference Books
    Dewey Decimal Classification     GRACE BIBLE COLLEGE GRACE BIBLE COLLEGE Dictionary 2018-11-12   423 OXF 004253 2025-05-01 c.2 2018-11-12 Reference Books
© Grace Bible College Library 2025